|
|
|
|
| LEADER |
00000naa2a2200000 4500 |
| 001 |
50773 |
| 005 |
20231031033554.0 |
| 035 |
|
|
|a (RuTPU)RU\TPU\book\53154
|
| 035 |
|
|
|a RU\TPU\book\53112
|
| 090 |
|
|
|a 50773
|
| 100 |
|
|
|a 20030418d1997 k y0rusy50 ca
|
| 101 |
0 |
|
|a rus
|
| 102 |
|
|
|a RU
|
| 200 |
1 |
|
|a Управление свойствами режущей кромки инструмента методом ионной имплантации
|f А. Г, Бригадин, В. В. Брюхов, М. В. Кузнецов
|
| 463 |
|
1 |
|0 (RuTPU)RU\TPU\book\13018
|t Современные техника и технологии
|o Труды 3-ей областной научно-практической конференции студентов, аспирантов и молодых ученых, 25-28 марта 1997 г., г. Томск
|f Томский политехнический университет
|v С. 113-114.
|d 1997
|p 148 с.
|
| 610 |
1 |
|
|a труды учёных ТПУ
|
| 675 |
|
|
|a 62.001.5(063)
|v 3
|
| 700 |
|
1 |
|a Бригадин
|b А. Г.
|
| 701 |
|
1 |
|a Брюхов
|b В. В.
|
| 701 |
|
1 |
|a Кузнецов
|b М. В.
|
| 801 |
|
1 |
|a RU
|b 63413507
|c 20030409
|g PSBO
|
| 801 |
|
2 |
|a RU
|b 63413507
|c 20041018
|g PSBO
|
| 942 |
|
|
|c BK
|